000 01267cam a2200385Ka 4500
001 42950
005 20230410124051.0
008 900202s1981 mx b 001 0 spa d
035 _a(OCoLC)ocm20997879
040 _aTTY
_cTTY
_dEL$
_dOCL
020 _a9682309360
020 _a9789682309366
035 _a(OCoLC)20997879
041 1 _aspa
_heng
043 _an-us---
050 1 4 _aLC 66
_bB787i 1981
082 0 0 _a370.973
049 _aGRAL
100 1 _aBowles, Samuel.
245 1 3 _aLa instruccion escolar en la America capitalista :
_bla reforma educativa y las contradicciones de la vida economica /
_cpor Samuel Bowles y Herbert Gintis.
260 _aMéxico :
_bSiglo Veintiuno Editores,
_c1981.
300 _a377 p. ;
_c21 cm.
500 _aTranslation of: Schooling in capitalist America.
504 _aIncludes bibliographical references and index.
650 0 _aEducation
_xEconomic aspects
_zUnited States.
650 0 _aEducational change
_zUnited States.
650 0 _aEducation and state
_zUnited States.
650 0 _aCapitalism
_zUnited States.
650 4 _aEducación y estado
_zEE.UU.
650 4 _aCapitalismo
700 1 _aGintis, Herbert,
_ejoint author.
942 _2lcc
_cbk
946 _almminaya
994 _aC0
_bDRFGD
999 _c70319
_d70319